Co-operative Insurance Society Ltd v Henry Boot Scotland Ltd and others (Record no. 72052)
[ view plain ]
| 000 -LEADER | |
|---|---|
| fixed length control field | 01508cam a2200217 4500 |
| 001 - CONTROL NUMBER | |
| control field | ABS66316 |
| 008 - FIXED-LENGTH DATA ELEMENTS--GENERAL INFORMATION | |
| fixed length control field | 030204n2003 000 0 eng u |
| 035 ## - SYSTEM CONTROL NUMBER | |
| System control number | (Sirsi) u121239 |
| 041 0# - LANGUAGE CODE | |
| Language code of text/sound track or separate title | eng |
| 245 00 - TITLE STATEMENT | |
| Title | Co-operative Insurance Society Ltd v Henry Boot Scotland Ltd and others |
| 260 ## - PUBLICATION, DISTRIBUTION, ETC. | |
| Date of publication, distribution, etc. | 2003 |
| 520 ## - SUMMARY, ETC. | |
| Summary, etc. | [2002] EWHC 1270 (TCC) 1 July 2002. Claimant (CIS) as employer claimed against main contractor (HB) and consulting engineer (CHW) for alleged breach of contractual obligations, under the to the JCT 80 Private with Quantities Contractors Designed Portion Supplement, after water and soil flooded sub-basement excavations. Although CHW produced a concept design for the substructure, earthwork, support and ground water exclusion, HB was held to be responsible for checking CHW's design. Due to a drafting error in the bills of quantities, HB was entitled to be paid for extra work under cl13.2 despite the design liability risk. |
| 590 ## - LOCAL NOTE (RLIN) | |
| Local note | ABS |
| 650 24 - SUBJECT ADDED ENTRY--TOPICAL TERM | |
| Topical term or geographic name entry element | CO-OPERATIVE INSURANCE SOCIETY LTD V HENRY BOOT SCOTLAND LTD AND OTHERS |
| 650 24 - SUBJECT ADDED ENTRY--TOPICAL TERM | |
| Topical term or geographic name entry element | STANDARD METHOD OF MEASUREMENT (SEVENTH EDITION) |
| 650 24 - SUBJECT ADDED ENTRY--TOPICAL TERM | |
| Topical term or geographic name entry element | JCT 1980 PRIVATE WITH QUANTITIES CONTRACTORS DESIGNED PORTION SUPPLEMENT |
| 651 #4 - SUBJECT ADDED ENTRY--GEOGRAPHIC NAME | |
| Geographic name | England and Wales |
| Chronological subdivision | 1543- |
| 690 ## - LOCAL SUBJECT ADDED ENTRY--TOPICAL TERM (OCLC, RLIN) | |
| Topical term or geographic name as entry element | BUILT ENVIRONMENT-CONSTRUCTION MANAGEMENT-BUILDING CONTRACT ADMINISTRATION |
| 856 ## - ELECTRONIC LOCATION AND ACCESS | |
| Uniform Resource Identifier | <a href="https://www.bailii.org/cgi-bin/markup.cgi?doc=/ew/cases/EWHC/TCC/2002/1270.html&query=Henry Boot Scotland">https://www.bailii.org/cgi-bin/markup.cgi?doc=/ew/cases/EWHC/TCC/2002/1270.html&query=Henry Boot Scotland</a> |
| Public note | View judgment on the BAILII website... |
| 942 ## - ADDED ENTRY ELEMENTS (KOHA) | |
| Suppress in OPAC | 0 |
| Withdrawn status | Lost status | Source of classification or shelving scheme | Damaged status | Not for loan | Home library | Current library | Shelving location | Date acquired | Total Checkouts | Full call number | Barcode | Date last seen | Copy number | Price effective from | Koha item type |
|---|---|---|---|---|---|---|---|---|---|---|---|---|---|---|---|
| Dewey Decimal Classification | Virtual | Virtual | Online | 04/02/2003 | ONLINE PUBLICATION | 121239-2001 | 06/08/2019 | 1 | 06/08/2019 | Law report |